000 01074nam2a2200277 4500
001 RU\NLR\bibl\1773464
005 20250616132346.0
010 _a978-5-358-09741-4
_bч. 1
_920000
021 _aRU
_b2011-34355
_92446
021 _aRU
_b2011-73570
_95230
021 _aRU
_b2012-74308
_95500
035 _a(NLR Aleph) 001764241
090 _a1597544
_c1597544
100 _a20110526d2011 |||y0rusy50 ca
101 0 _arus
102 _aRU
105 _aa |||||||||
200 0 _aЧ. 1
210 _d2011
_aБ. м.
215 _a269, [1] с.
_cил.
461 0 _1001RU\NLR\bibl\1784959
_12001#$aЛитература$vЧ. 1
_91665739
_cМосква
_d2011
_e12-е изд,, стер.
_f[авт.-сост.: Курдюмова Тамара Федоровна и др.
_nДрофа
_o8 класс : учебник-хрестоматия для общеобразовательных учреждений : в 2 ч.
_tЛитература
_y978-5-358-09743-8
_vЧ. 1
801 0 _aRU
_bNLR
_c20110526
_gRCR
801 1 _aRU
_bNLR
_c20110526
942 _cBOOK
980 _aNB